000 01100nam a22002417a 4500
005 20250507113600.0
008 250507b |||||||| |||| 00| 0 eng d
020 _a978180392300
037 _cTextual
040 _aRTL
_cRTL
084 _aX:92 R3
_qRTL
100 _aBourne, Mike
_9754902
245 _aConcise introduction to performance management
260 _aCheltenham
_bEdward Elgar
_c2023
300 _avi, 128 p.: ill.
_bIncludes bibliographical references and index
490 _aElgar concise introductions
520 _aThis Concise Introduction describes current approaches to measuring and managing performance in organisations and offers insights into how they may need to evolve as the working environment changes. It demonstrates the need to see performance management in the context of the culture and leadership of the organisation and not as a standalone activity.
650 _aPerformance--Management
_9449370
650 _aManagement
650 _aBusiness Performance
_9754903
700 _aBourne, Pippa
_eCo-author
_9754904
942 _2CC
_cTB
_hX:92 R3
_n0
999 _c1312960
_d1312960